Звичайний вигляд Перегляд у МАРК

Входження „Personal Name“

Кількість записів, які використовуються: 1

001 - CONTROL NUMBER

  • control field: 24305

003 - CONTROL NUMBER IDENTIFIER

  • control field: UA-OsUOA

005 - DATE AND TIME OF LATEST TRANSACTION

  • control field: 20260306104931.0

008 - FIXED-LENGTH DATA ELEMENTS

  • fixed length control field: 260306|| aca||aabn | a|a d

040 ## - CATALOGING SOURCE

  • Original cataloging agency: UA-OsUOA
  • Transcribing agency: UA-OsUOA

100 ## - HEADING--PERSONAL NAME

  • Personal name: Підгайний С

670 ## - SOURCE DATA FOUND

  • Source citation: Work cat.: (UA-OsUOA)340317: Підгайний С., Українська інтелігенція на Соловках. Недостріляні, 2008